| 000 | 00356nam a2200133Ia 4500 | ||
|---|---|---|---|
| 008 | 191201s2004 xx 000 0 und d | ||
| 082 |
_a621.3825 _bRIM |
||
| 100 | _aRICHHARIA, M | ||
| 245 | 0 | _aMobile Satellite Communications Principles and Trends | |
| 260 |
_aN.Delhi _bPearson Education _c2004 |
||
| 300 | _a559 | ||
| 650 | _aB.Tech(CSE) | ||
| 942 |
_2ddc _cBK |
||
| 999 |
_c1689 _d1689 |
||